• 首页
  • 本馆介绍
  • 公告通知
  • 最新文献
  • 馆藏检索
  • 电子资源
  • 读者导购
  • 参考咨询
  • 我的图书馆
  • 登录
  • 详细信息显示
  • 放入我的书架
  • 预约/预借图书
  • 作者相关作品
  • 分类相关作品
  • 丛书相关作品
  • 出版社相关作品

书目信息

  • 表格格式
  • 工作单格式
  • 卡片格式
题名:
莱茵河流域水污染国际合作治理研究
    
 
作者: 沈桂花 著
分册:  
出版信息: 北京   中国政法大学出版社  2017
页数: 237页
开本: 21cm
丛书名:
单 册:
中图分类: X522
科图分类:
主题词:
电子资源:
ISBN: 978-7-5620-7839-5
000 01351nam0 2200265 450
001 012001003787
005 20131105163344.0
010    @a978-7-5620-7839-5@dCNY39.00
099    @aCAL 012018021634
100    @a20171218d2017 em y0chiy50 ea
101 0  @achi
102    @aCN@b110000
105    @aak a 000yy
106    @ar
200 1  @a莱茵河流域水污染国际合作治理研究@Alai yin he liu yu shui wu ran guo ji he zuo zhi li yan jiu@f沈桂花著
210    @a北京@c中国政法大学出版社@d2017
215    @a237页@c图@d21cm
300    @a江西科技师范大学2016年度著作出版资助基金项目
320    @a有书目 (第226-237页)
330    @a流域水污染问题归根究底是政治问题和社会问题, 而非简单的自然问题。国际性流域水资源治理比单一国家的语境要复杂, 因为涉及国与国之间的多国博弈关系。莱茵河流域水污染的国际合作治理被公认为“治理典范”, 经历了合作形成--失败--重构--成功的曲折过程。围绕着“流域水污染合作治理中如何突破治理困境 ”的核心问题, 本书以莱茵河流域为研究对象, 重点对该区域1950-2000年期间的曲折合作治理演进过程进行描述, 展现该流域从“欧洲下水道”到“浪漫的莱茵河”的实现进程。本研究属于个案的解释性研究, 即解释事情为什么是以这个样子呈现, 致力于寻求演变原因与理由。
607    @a莱茵河@Alai yin he@x河流污染@x污染防治@x研究
690    @aX522@v5
701  0 @a沈桂花@Ashen gui hua@4著
801  2 @aCN@b上海新华@c20191020
905    @b1206640-3@dX522@e230@f4
    
    莱茵河流域水污染国际合作治理研究/沈桂花著.-北京:中国政法大学出版社,2017
    237页:图;21cm
    江西科技师范大学2016年度著作出版资助基金项目
    
    ISBN 978-7-5620-7839-5:CNY39.00
    流域水污染问题归根究底是政治问题和社会问题, 而非简单的自然问题。国际性流域水资源治理比单一国家的语境要复杂, 因为涉及国与国之间的多国博弈关系。莱茵河流域水污染的国际合作治理被公认为“治理典范”, 经历了合作形成--失败--重构--成功的曲折过程。围绕着“流域水污染合作治理中如何突破治理困境 ”的核心问题, 本书以莱茵河流域为研究对象, 重点对该区域1950-2000年期间的曲折合作治理演进过程进行描述, 展现该流域从“欧洲下水道”到“浪漫的莱茵河”的实现进程。本研究属于个案的解释性研究, 即解释事情为什么是以这个样子呈现, 致力于寻求演变原因与理由。
●
相关链接 在E读中查询图书 在五车中查询图书 在当当中查询图书 在豆瓣中查询图书


正题名:莱茵河流域水污染国际合作治理研究     索取号:X522/230         预约/预借

序号 登录号 条形码 馆藏地/架位号 状态 备注
1 1206640   212066404   第二样本阅览室/ [索取号:X522/230] 在馆    
2 1206641   212066413   第三借阅区/ [索取号:X522/230] 在馆    
3 1206642   212066422   第三借阅区/ [索取号:X522/230] 在馆    
4 1206643   212066431   第三借阅区/ [索取号:X522/230] 在馆    
唐山师范学院图书馆 欢迎您!
大连网信软件有限公司© 版权所有